Catálogo
 En Linea

El fantasma de Trujillo : (Registro nro. 47941)

Detalles MARC
000 -CABECERA
campo de control de longitud fija 02157nam a2200289 a 4500
001 - NÚMERO DE CONTROL
campo de control 000048453
003 - IDENTIFICADOR DEL NÚMERO DE CONTROL
campo de control Ost
005 - FECHA Y HORA DE LA ÚLTIMA TRANSACCIÓN
campo de control 20240418073801.0
008 - DATOS DE LONGITUD FIJA--INFORMACIÓN GENERAL
campo de control de longitud fija 190321s2006 dr ac r 000 0 spa d
020 ## - NÚMERO INTERNACIONAL ESTÁNDAR DEL LIBRO
ISBN cancelado o inválido 9789993475084
040 ## - FUENTE DE LA CATALOGACIÓN
Centro catalogador/agencia de origen DO-SdBNP
Lengua de catalogación spa
Centro/agencia transcriptor BNPHU
082 ## - NÚMERO DE LA CLASIFICACIÓN DECIMAL DEWEY
Número de clasificación RD863.4408
Número de documento/Ítem F216T, 2006
245 03 - MENCIÓN DE TÍTULO
Título El fantasma de Trujillo :
Resto del título antología de cuentos sobre el tirano y su Era /
Mención de responsabilidad, etc. compilador Miguel Collado.
250 ## - MENCIÓN DE EDICIÓN
Mención de edición 2a ed.
260 ## - PUBLICACIÓN, DISTRIBUCIÓN, ETC.
Lugar de publicación, distribución, etc. Santo Domingo :
Nombre del editor, distribuidor, etc. CEDIBIL,
Fecha de publicación, distribución, etc. 2006.
300 ## - DESCRIPCIÓN FÍSICA
Extensión 254 p. :
Otras características físicas il., retrs. ;
Dimensiones 22 cm.
500 ## - NOTA GENERAL
Nota general Incluye referencias bibliográficas y notas al pie de las páginas
505 0# - NOTA DE CONTENIDO CON FORMATO
Información miscelánea Prefacio --
Título Piloncito /
Mención de responsabilidad Juan Bosch (1909-2001) --
Título Rebeldes /
Mención de responsabilidad Hilma Contreras (1913-) --
Título El coronel Buenrostro /
Mención de responsabilidad Marcio Veloz Maggiolo (1936-) --
Título Arquímedes y el jefe /
Mención de responsabilidad Armando Almánzar Rodríguez (1935-) --
Título En el barrio no hay banderas /
Mención de responsabilidad René del Risco Bermúdez (1937-1972) --
Título ¡No ombe no, qué va! /
Mención de responsabilidad Rubén Echavarría (1939-) --
Título Relincho de amor al atadecer /
Mención de responsabilidad Efraim Castillo (1940-) --
Título Los restos de Galíndez /
Mención de responsabilidad Viriato Sención (1941-) --
Título Es absurdo morir otra vez... y para siempre /
Mención de responsabilidad Diógenes Valdez (1941-) --
Título Los trajes blancos han vuelto /
Mención de responsabilidad Miguel Alfonseca (1942-1994) --
Título Callejón sin salida /
Mención de responsabilidad Jose Alcántara Almánzar (1946-) --
Título Víctor /
Mención de responsabilidad Lipe Collado (1947-) --
Título Monstruos de acero y de cristal en el espectacular viaje de un desaparecido /
Mención de responsabilidad Roberto Marcallé Abreu (1948-) --
Título Los demonios del ángel /
Mención de responsabilidad Arturo Rodríguez Fernández (1948-) --
Título Pesadilla del amanuense /
Mención de responsabilidad José Enrique García (1948-) --
Título Pormenores de una servidumbre /
Mención de responsabilidad Pedro Peix (1952-) --
Título Temporal de sombras /
Mención de responsabilidad Ángela Hernández Núñez (1956-) --
Título Las muñecas contadas /
Mención de responsabilidad Rafael García Romero (1957-)
590 ## - NOTA LOCAL (RLIN)
Nota local Inventariado, 2019/BT
600 10 - PUNTO DE ACCESO ADICIONAL DE MATERIA--NOMBRE DE PERSONA
Nombre de persona Trujillo Molina, Rafael Leónidas,
Fechas asociadas al nombre 1891-1961
9 (RLIN) 76764
650 14 - PUNTO DE ACCESO ADICIONAL DE MATERIA--TÉRMINO DE MATERIA
Término de materia o nombre geográfico como elemento de entrada Cuentos dominicanos
Subdivisión general Colecciones
9 (RLIN) 503
650 10 - PUNTO DE ACCESO ADICIONAL DE MATERIA--TÉRMINO DE MATERIA
Término de materia o nombre geográfico como elemento de entrada Literatura dominicana.
9 (RLIN) 67
700 1# - PUNTO DE ACCESO ADICIONAL--NOMBRE DE PERSONA
Nombre de persona Collado, Miguel A.,
Fechas asociadas al nombre 1954-
Término indicativo de función/relación comp.
9 (RLIN) 24696
700 12 - PUNTO DE ACCESO ADICIONAL--NOMBRE DE PERSONA
Nombre de persona Centro Dominicano de Inventigaciones Bibliográficas
9 (RLIN) 75870
910 ## - DATOS DE OPCIÓN DEL USUARIO (OCLC)
Datos de opción del usuario Validado. Control de calidad. MFF
942 ## - ELEMENTOS DE PUNTO DE ACCESO ADICIONAL (KOHA)
Fuente del sistema de clasificación o colocación Dewey Decimal Classification
Tipo de ítem Koha Libro
Existencias
Estado de retiro Estado de pérdida No para préstamo Código de colección Localización permanente Ubicación/localización actual Ubicación en estantería Fecha de adquisición Número de inventario Total de préstamos Signatura topográfica completa Código de barras Fecha visto por última vez Precio válido a partir de Tipo de ítem Koha
    Excluido de préstamo Patrimonio Dominicano Patrimonio Dominicano Patrimonio Dominicano Depósito 21.03.2019 LF1   RD863.4408 F216T, 2006 48453-10 25.06.2020 25.06.2020 Libro y Folleto Colección Patrimonio Dominicano

Con tecnología Koha